National Assembly Library of Thailand

พจนานุกรมพุทธศาสตร์ ฉบับประมวลศัพท์ / (ระเบียนเลขที่ 107183)

รายละเอียดในรูปแบบ MARC
000 -LEADER
fixed length control field 02384nam a2200253 4500
003 - CONTROL NUMBER IDENTIFIER
control field NALT
005 - DATE AND TIME OF LATEST TRANSACTION
control field 20250909110440.0
008 - FIXED-LENGTH DATA ELEMENTS--GENERAL INFORMATION
fixed length control field 250904b th ||||| |||| 00| 0 tha d
020 ## - INTERNATIONAL STANDARD BOOK NUMBER
International Standard Book Number 9786160309078
040 ## - CATALOGING SOURCE
Original cataloging agency NALT
090 ## - LOCALLY ASSIGNED LC-TYPE CALL NUMBER (OCLC); LOCAL CALL NUMBER (RLIN)
Classification number (OCLC) (R) ; Classification number, CALL (RLIN) (NR) AG 160
Local cutter number (OCLC) ; Book number/undivided call number, CALL (RLIN) พ349พ 2559
100 0# - MAIN ENTRY--PERSONAL NAME
Personal name พระพรหมคุณาภรณ์ (ป.อ. ปยุตฺโต)
9 (RLIN) 16019
245 10 - TITLE STATEMENT
Title พจนานุกรมพุทธศาสตร์ ฉบับประมวลศัพท์ /
Statement of responsibility, etc. พระพรหมคุณาภรณ์ (ป.อ. ปยุตฺโต).
250 ## - EDITION STATEMENT
Edition statement พิมพ์ครั้งที่ 27.
260 ## - PUBLICATION, DISTRIBUTION, ETC.
Place of publication, distribution, etc. กรุงเทพฯ :
Name of publisher, distributor, etc. โรงพิมพ์พระพุทธศาสนาของธรรมสภา,
Date of publication, distribution, etc. 2559.
300 ## - PHYSICAL DESCRIPTION
Extent 600 หน้า :
Dimensions 21 ซม.
505 2# - FORMATTED CONTENTS NOTE
Formatted contents note บันทึกนำ-พิมพ์ครั้งที่ 11 -- ความเป็นมา (นการชำระ-เพิ่มเติม ช่วงที่ 1) -- คำปรารภ (ในการพิมพ์ครั้งที่ 10) -- บันทึกของผู้เรียบเรียง (ในการพิมพ์ครั้งที่ 2 - พ.ศ. 2527) -- ควรทราบก่อน -- วิธีอ่านคำบาลี -- อักษรย่อชื่อคำภีร์ -- ก -- ข -- ค -- ฆ -- ง -- จ -- ฉ -- ช -- ซ -- ฌ -- ญ -- ฎ -- ฐ -- ด -- ต -- ถ -- ท -- ธ -- น -- บ -- ป -- ผ -- พ -- ฟ -- ภ -- ม -- ย -- ร -- ฤ -- ล -- ว -- ศ -- ส -- ห -- อ -- ผนวกคำนำบูชาในวันสำคัญ -- วันมาฆบูชา -- วันวิสาขบูชา -- วันอาสาฬหบูชา -- แถลงการจัดทำหนังสือ (ในการพิมพ์ครั้งที่ 1) -- ความเป็นมาของ พจนานุกรมพุทธศาสตร์ -- ทุนพิมพ์พจนานุกรมพุทธศาสน์.
650 #4 - SUBJECT ADDED ENTRY--TOPICAL TERM
Topical term or geographic name entry element พุทธศาสนา
General subdivision พจนานุกรม
9 (RLIN) 31449
942 ## - ADDED ENTRY ELEMENTS (KOHA)
Source of classification or shelving scheme Local Classification
Koha item type Reference Book
996 ## - STAFF PROCESSING RECORDS (NALT)
Staff name jidapa.t
Staff type ACQSTF
Acquisition or Cataloging date 2025-09-04
996 ## - STAFF PROCESSING RECORDS (NALT)
Staff name varee.k
Staff type LIBSTF
Acquisition or Cataloging date 2025-09-05
996 ## - STAFF PROCESSING RECORDS (NALT)
Staff name saiphon.d
Staff type CATSTF
Acquisition or Cataloging date 2025-09-09
998 ## - STAFF NAME (NALT)
-- 104
-- นางสาวสายฝน ดีงาม
รายการที่มีในห้องสมุด
Withdrawn status Lost status Source of classification or shelving scheme Damaged status Not for loan Collection code Home library Current library Shelving location Date acquired Source of acquisition Total Checkouts Full call number Barcode Date last seen Price effective from Koha item type
    Local Classification     Reference Book collection National Assembly Library of Thailand National Assembly Library of Thailand Reference shelves 04/09/2025 หน่วยงานภาครัฐ   อ AG 160 พ349พ 2559 3961215592 04/09/2025 04/09/2025 Reference Book
หอสมุดรัฐสภา
สำนักงานเลขาธิการสภาผู้แทนราษฎร เลขที่ 1111 ถนนสามเสน แขวงถนนนครไชยศรี เขตดุสิต กรุงเทพฯ 10300
The Secretariat of the House of Representatives 1111 Samsen Road, Thanon Nakhon Chai Si, Dusit, Bangkok 10300, THAILAND
โทรศัพท์: +66(0) 2242 5900 ต่อ 5714-5 โทรสาร: +66(0) 2242 5990 อีเมล: [email protected]